00387nam a22001457a 450000500170000000800410001704000070005804100120006508200210007710000250009824500360012326000400015965000080019965000340020720241221122445.0241221b ||||| |||| 00| 0 eng d cAL aEnglish 223a348.04bEASS aEastern Book Company aSupreme Court Cases 2002: Vol 8 aLucknowbEastern Book Companyc2019 aLaw aMode of Citation (2002) 8 SCC